000
00325nam a22001457a 4500
008
210427b ||||| |||| 00| 0 eng d
020
_a
9780500277508
041
_a
eng
080
_a
902
082
_a
902
100
_a
45
101
_a
ARKEO
245
_a
Stonehenge Complete
_c
Christopher Chippindale
942
_2
udc
_c
BK
999
_c
56806
_d
56806